| 000 | 00534nam a2200193 a 4500 | ||
|---|---|---|---|
| 005 | 20140310183500.0 | ||
| 008 | 080111s19uu xx 00 eng d | ||
| 020 | _a9780135128442 | ||
| 050 |
_aHD 62.5 _b.M342 2010 |
||
| 100 | _aMariotti, Steve | ||
| 245 |
_aEntrepreneurship : _bowning your future / _cSteve Mariotti |
||
| 250 | _a11th ed. | ||
| 260 |
_aU.S.A : _bPrentice Hall, _c2010. |
||
| 300 |
_a646 p. : _bill. col. ; _c27 cm. |
||
| 521 | _aBSBA | ||
| 650 | _aEntrepreneurship. | ||
| 942 |
_cBK _2lcc _kFOR |
||
| 999 |
_c23857 _d23857 |
||